000 00453nam a2200181Ia 4500
008 240925s9999 xx 000 0 und d
020 _aNA
082 _a621.380432 BAK
100 _aBakshi, U. A
245 0 _aTransmission Lins and waveguides
250 _aNA
260 _aIndia:
_bTechnical Publication
_c,2006.
300 _axxv,609p.
_bNA
_fPhotocopy
500 _aNA
600 _aElectrical Engineering
650 _aTechnology
942 _cBK
999 _c9693
_d9693